جا ں نثا ر ا ختر (Record no. 188438)

MARC details
000 -LEADER
fixed length control field 00639nam a22001937a 4500
005 - DATE AND TIME OF LATEST TRANSACTION
control field 20220523123741.0
010 ## - LCCN (DPL NO)
LC control number UR-11570
020 ## - INTERNATIONAL STANDARD BOOK NUMBER
Terms of availability 50.00
International Standard Book Number 9789390866335
035 ## - SYSTEM CONTROL NUMBER
System control number U-10125
037 ## - SOURCE OF ACQUISITION
Source of stock number/acquisition DBAD/PUB
Stock number -
082 ## - DEWEY DECIMAL CLASSIFICATION NUMBER
Classification number 920
Edition number Ist
100 ## - MAIN ENTRY--PERSONAL NAME
Personal name بيگ ا حسا س
245 ## - TITLE STATEMENT
Title جا ں نثا ر ا ختر
Statement of responsibility, etc بيگ ا حسا س
Medium ا ر د و
246 ## - VARYING FORM OF TITLE
Remainder of title Jan Nisar Akhtar (Urdu)
Title proper/short title by Beg Ahsas
260 ## - PUBLICATION, DISTRIBUTION, ETC. (IMPRINT)
Place of publication, distribution, etc New delhi
Name of publisher, distributor, etc Sahitya Akademi
Date of publication, distribution, etc 2021 ء
270 ## - ADDRESS
Address Ravinder Bhawan ,35 Firoz Shah Road,
City New Delhi
Postal code 110001
Telephone number 23386626
Fax number -
300 ## - PHYSICAL DESCRIPTION
Extent 104 ص
Dimensions 22 Cm(Hb)
942 ## - ADDED ENTRY ELEMENTS (KOHA)
Source of classification or shelving scheme Dewey Decimal Classification
Item type Urdu Bks
Classification part 920
Call number suffix ب ے گ
Holdings
Withdrawn status Lost status Not for loan Collection code Home library Current library Date acquired Source of acquisition Cost, normal purchase price Full call number Barcode Copy number Cost, replacement price Koha item type
    Not For Loan Non-fiction D.B.Act.Division Central Library 23/05/2022 DBAD/PUB 50.00 920 ب ے گ U-10125 1 50.00 Urdu Bks

© Delhi Public Library
Hit Counter
free hit counter